| 000 | 00761nam a22002175i 4500 | ||
|---|---|---|---|
| 001 | 164593 | ||
| 003 | ES-MaACL | ||
| 005 | 20250806024742.0 | ||
| 008 | 950206s1894 sp |||| | spa d | ||
| 040 |
_aCARM _bspa _cCCPB | PA2 |
||
| 100 | 1 |
_aSánchez Moguel, Antonio, _d1838-1913 _9102783 |
|
| 245 | 1 | 0 |
_aReparaciones históricas _b: estudios peninsulares, primera serie / _cSánchez Moguel. |
| 260 |
_aMadrid : _b[s.n.], _c1894 ( _fImp. y litogr. de los Huérfanos) |
||
| 300 |
_aXVI, 302 p. ; _c19 cm. |
||
| 597 | 1 | _aAntep. | |
| 597 | 1 | _aPequeñas viñetas en cabeceras de capítulo. | |
| 752 |
_aEspaña - _d, Madrid |
||
| 852 |
_aES-MaACL _jF-10080 _z-- Enc. tela |
||
| 852 |
_aES-MaACL _jC-4571 _z-- Rust. |
||
| 999 |
_c164593 _d164593 |
||